[Event "TCh-FRA Top 12 2021"]
[Site "Chalons en Champagne FRA"]
[Date "2021.06.24"]
[Round "1.6"]
[Board "3"]
[White "Favarel, Julien"]
[Black "Naiditsch, Arkadij"]
[Result "0-1"]
[WhiteTitle "FM"]
[BlackTitle "GM"]
[WhiteElo "2338"]
[BlackElo "2649"]
[WhiteTeam "Echiquier Agenais"]
[BlackTeam "Bischwiller"]
[WhiteFideId "633453"]
[BlackFideId "4650891"]
[EventDate "2021.06.24"]

1. e4 c5 2. c3 d5 3. exd5 Qxd5 4. d4 Nf6 5. Nf3 Bg4 6. Nbd2 Nc6 7. Bc4 Bxf3 8.
Qb3 Na5 9. Qb5+ Qd7 10. Nxf3 Nxc4 11. Qxc4 cxd4 12. Qxd4 Qxd4 13. Nxd4 e5 14.
Nb3 Nd5 15. Ke2 O-O-O 16. Be3 Be7 17. Rad1 f5 18. g3 b6 19. Bc1 g5 20. h3 h5 21.
c4 Nb4 22. a3 Nc6 23. Rxd8+ Kxd8 24. f3 Bf6 25. Be3 Re8 26. Rd1+ Kc7 27. Nd2
Nd4+ 28. Bxd4 exd4+ 29. Kd3 Re3+ 30. Kc2 d3+ 31. Kb3 Re2 32. c5 bxc5 33. Nc4 Rh2
34. Rxd3 Rxh3 35. Nd6 Be5 36. Nxf5 Bxg3 37. Kc4 h4 38. Re3 Bf4 39. Re7+ Kd8 40.
Kd5 0-1

[Event "TCh-FRA Top 12 2021"]
[Site "Chalons en Champagne FRA"]
[Date "2021.06.24"]
[Round "1.6"]
[Board "4"]
[White "Fressinet, Laurent"]
[Black "Domenech, Vianney"]
[Result "1-0"]
[WhiteTitle "GM"]
[WhiteElo "2638"]
[BlackElo "2265"]
[WhiteTeam "Bischwiller"]
[BlackTeam "Echiquier Agenais"]
[WhiteFideId "608742"]
[BlackFideId "656089"]
[EventDate "2021.06.24"]

1. d4 Nc6 2. d5 Ne5 3. Nc3 e6 4. e4 exd5 5. Qxd5 d6 6. Be3 g6 7. O-O-O Bg7 8.
Qd2 Be6 9. f4 Nc4 10. Bxc4 Bxc4 11. Nf3 Nf6 12. e5 dxe5 13. Qe1 Qe7 14. fxe5 Ng4
15. Bg5 Qe6 16. Bf4 O-O 17. h3 Nh6 18. b3 Ba6 19. Nd5 Kh8 20. Nxc7 Qf5 21. Qe3
Rac8 22. g4 Nxg4 23. hxg4 Qxg4 24. Bh6 1-0

[Event "TCh-FRA Top 12 2021"]
[Site "Chalons en Champagne FRA"]
[Date "2021.06.24"]
[Round "1.6"]
[Board "5"]
[White "Ternault, Mathieu"]
[Black "Le Roux, Jean-Pierre"]
[Result "1/2-1/2"]
[WhiteTitle "FM"]
[BlackTitle "GM"]
[WhiteElo "2308"]
[BlackElo "2524"]
[WhiteTeam "Echiquier Agenais"]
[BlackTeam "Bischwiller"]
[WhiteFideId "20641532"]
[BlackFideId "609404"]
[EventDate "2021.06.24"]

1. d4 Nf6 2. Nf3 g6 3. c4 c5 4. d5 b5 5. cxb5 a6 6. e3 Bg7 7. Nc3 O-O 8. a4 d6
9. e4 e6 10. dxe6 Bxe6 11. Be2 c4 12. Ng5 d5 13. exd5 Nxd5 14. Nxe6 fxe6 15. O-O
Nxc3 16. bxc3 Qxd1 17. Rxd1 axb5 18. Rb1 Rxa4 19. Rxb5 Na6 20. Be3 1/2-1/2

[Event "TCh-FRA Top 12 2021"]
[Site "Chalons en Champagne FRA"]
[Date "2021.06.24"]
[Round "1.6"]
[Board "6"]
[White "Bellahcene, Bilel"]
[Black "Boukhris-Ferre, Yacine"]
[Result "1-0"]
[WhiteTitle "GM"]
[WhiteElo "2499"]
[BlackElo "2185"]
[WhiteTeam "Bischwiller"]
[BlackTeam "Echiquier Agenais"]
[WhiteFideId "696358"]
[BlackFideId "697087"]
[EventDate "2021.06.24"]

1. d4 Nf6 2. c4 g6 3. Nc3 Bg7 4. e4 d6 5. h3 O-O 6. Nf3 e5 7. d5 a5 8. Be3 Na6
9. g4 Nc5 10. Nd2 Bd7 11. Be2 c6 12. g5 Ne8 13. h4 a4 14. a3 Nc7 15. h5 f5 16.
h6 Bh8 17. Rg1 N7a6 18. f3 Qa5 19. Qc2 Nb3 20. Nxb3 axb3 21. Qxb3 cxd5 22. Qxb7
d4 23. Qxd7 dxc3 24. b4 Nxb4 25. Rc1 Qxa3 26. Qe6+ Rf7 27. exf5 Nc6 28. fxg6
hxg6 29. Qxg6+ Kf8 30. Qe4 d5 31. Qxd5 Nd4 32. g6 1-0

[Event "TCh-FRA Top 12 2021"]
[Site "Chalons en Champagne FRA"]
[Date "2021.06.24"]
[Round "1.6"]
[Board "7"]
[White "Roubert, Emile"]
[Black "Maze, Sebastien"]
[Result "0-1"]
[BlackTitle "GM"]
[WhiteElo "2067"]
[BlackElo "2539"]
[WhiteTeam "Echiquier Agenais"]
[BlackTeam "Bischwiller"]
[WhiteFideId "680311"]
[BlackFideId "613762"]
[EventDate "2021.06.24"]

1. e4 c6 2. c4 e5 3. d4 d6 4. Ne2 Nd7 5. g3 Ngf6 6. Bg2 a6 7. O-O Be7 8. a4 a5
9. Nbc3 O-O 10. h3 Re8 11. Be3 Bf8 12. g4 exd4 13. Bxd4 g6 14. Ng3 Ne5 15. b3
Bh6 16. g5 Bxg5 17. f4 Bh4 18. fxe5 dxe5 19. Bf2 Qe7 20. Qf3 Nd7 21. Kh1 Nf8 22.
Bc5 Qe6 23. Rad1 Be7 24. Be3 f6 25. Rd3 Rd8 26. Rfd1 Rxd3 27. Rxd3 Qf7 28. Qd1
Be6 29. Bb6 Qe8 30. Kh2 Nd7 31. Be3 Nc5 32. Bxc5 Bxc5 33. Bf3 Bf7 34. Bg4 Kh8
35. h4 Qf8 36. Qf3 Be7 37. h5 Rd8 38. hxg6 hxg6 39. Kg2 Kg7 40. Qd1 Rxd3 41.
Qxd3 Bd6 42. Nd1 Kg8 43. Ne3 Bc5 44. Kf3 Qe8 45. Bh3 Qe7 46. Ng4 Be8 47. Qd2 Bb4
48. Qd3 Kg7 49. Nf1 Kf8 50. Nfe3 Bc5 51. Kg2 b6 52. Qf1 Kg7 53. Qf2 Qd8 54. Kh1
Bf7 55. Bg2 Be6 56. Qg3 Qh8+ 57. Nh2 Kf7 58. Ng4 Qh5 59. Bf3 Qg5 60. Nf1 Kg7 61.
Kh2 Bd4 62. Kh1 b5 63. Be2 bxc4 64. bxc4 Qh5+ 65. Kg2 Qg5 66. Kh1 Bd7 67. Qf3 c5
68. Bd1 Bc6 69. Bc2 f5 70. Ngh2 Qg1# 0-1

[Event "TCh-FRA Top 12 2021"]
[Site "Chalons en Champagne FRA"]
[Date "2021.06.24"]
[Round "1.6"]
[Board "8"]
[White "Maisuradze, Nino"]
[Black "Gennesseaux, Gabrielle"]
[Result "1-0"]
[WhiteTitle "WGM"]
[WhiteElo "2251"]
[BlackElo "1799"]
[WhiteTeam "Bischwiller"]
[BlackTeam "Echiquier Agenais"]
[WhiteFideId "13601717"]
[BlackFideId "20686684"]
[EventDate "2021.06.24"]

1. Nf3 e6 2. g3 Nf6 3. Bg2 d5 4. O-O c5 5. d3 Nc6 6. Nbd2 Be7 7. e4 O-O 8. Re1
dxe4 9. dxe4 e5 10. c3 Qc7 11. Nf1 Rd8 12. Qc2 b6 13. Ne3 Ba6 14. Nd5 Nxd5 15.
exd5 Rxd5 16. Nd4 exd4 17. Bxd5 Bf6 18. Qe4 1-0

[Event "TCh-FRA Top 12 2021"]
[Site "Chalons en Champagne FRA"]
[Date "2021.06.25"]
[Round "2.1"]
[Board "1"]
[White "Sochacki, Christophe"]
[Black "Van Foreest, Jorden"]
[Result "0-1"]
[WhiteTitle "IM"]
[BlackTitle "GM"]
[WhiteElo "2494"]
[BlackElo "2701"]
[WhiteTeam "US Villejuif Echecs"]
[BlackTeam "Clichy Echecs 92"]
[WhiteFideId "662569"]
[BlackFideId "1039784"]
[EventDate "2021.06.24"]

1. d4 d5 2. c4 e6 3. Nc3 a6 4. cxd5 exd5 5. Qb3 Bd6 6. Nf3 Ne7 7. Bg5 c6 8. e4
dxe4 9. Nxe4 h6 10. Bd2 O-O 11. Bd3 Bc7 12. O-O Nd7 13. Rfe1 Nb6 14. Nc5 Rb8 15.
Ba5 Nbd5 16. Bxc7 Nxc7 17. Rac1 b6 18. a4 a5 19. Ne5 Ncd5 20. Bb1 Nb4 21. Ne4
Nf5 22. Nxc6 Nxc6 23. Rxc6 Be6 24. Rxe6 Nxd4 25. Nf6+ Qxf6 26. Rxf6 Nxb3 27. Rd6
Rfd8 28. Red1 Rxd6 29. Rxd6 Kf8 30. Ba2 Nc5 31. Rd4 Ke7 32. Kf1 f6 33. Ke2 b5
34. axb5 Rxb5 35. b3 Nxb3 36. Bxb3 Rxb3 37. h4 Rb7 38. Ra4 Ra7 39. Kd3 Kd6 40.
Kc4 Rc7+ 41. Kd4 Rc5 42. g3 Kc6 43. Ra2 Kb6 44. Rb2+ Rb5 45. Ra2 Ka6 46. Kc4
Rb4+ 47. Kc5 Rb1 48. Kc6 Rc1+ 49. Kd5 Rc3 50. Kd4 Rc7 51. Kd5 Kb5 52. Rb2+ Ka4
53. Kd6 Ka3 54. Rb5 Ra7 55. h5 a4 56. g4 Ka2 57. f3 a3 58. Rb4 Ka1 59. Ke6 a2
60. Kf5 Ra5+ 61. Kg6 Rg5+ 62. Kf7 f5 63. Kf8 g6 64. hxg6 Rxg6 65. Kf7 Rg5 66.
Kf6 f4 67. Kf7 Ra5 68. Kg6 Ra3 69. Kxh6 Rxf3 70. g5 Rh3+ 71. Kg7 f3 72. g6 Rh1
73. Kg8 f2 74. g7 f1=Q 75. Rf4 Qd3 76. Rf1+ Rxf1 0-1

[Event "TCh-FRA Top 12 2021"]
[Site "Chalons en Champagne FRA"]
[Date "2021.06.25"]
[Round "2.1"]
[Board "2"]
[White "Vocaturo, Daniele"]
[Black "Dourerassou, Jonathan"]
[Result "1/2-1/2"]
[WhiteTitle "GM"]
[BlackTitle "GM"]
[WhiteElo "2617"]
[BlackElo "2477"]
[WhiteTeam "Clichy Echecs 92"]
[BlackTeam "US Villejuif Echecs"]
[WhiteFideId "813192"]
[BlackFideId "628050"]
[EventDate "2021.06.24"]

1. d4 d5 2. c4 e6 3. Nc3 Be7 4. cxd5 exd5 5. Bf4 c6 6. e3 Bd6 7. Qf3 Nf6 8. Bxd6
Qxd6 9. Qg3 Qxg3 10. hxg3 Bf5 11. f3 Bg6 12. g4 Nbd7 13. Nge2 O-O-O 14. Nf4 Rhe8
15. Kf2 Re7 16. g5 Ne8 17. Rc1 Kb8 18. Nxg6 hxg6 19. Rh8 Nb6 20. Bd3 Rc8 21. Ne2
Nc7 22. Rxc8+ Nxc8 23. Nf4 Nd6 24. Rh1 b6 25. Rh7 Nce8 26. b3 Kc7 27. Ke2 b5 28.
Kd2 Kb6 29. Bb1 a5 30. Nd3 a4 31. Ne5 axb3 32. axb3 c5 33. dxc5+ Kxc5 34. Nd3+
Kb6 35. Rh1 Nc7 36. Nb4 Kc5 37. Nd3+ Kb6 38. Nb4 Kc5 39. Nc2 Kb6 40. Rc1 Na6 41.
Nd4 Nc5 42. g4 b4 43. Rh1 Nb5 44. Nxb5 Kxb5 45. Bc2 Ne6 46. f4 d4 47. Bd3+ Kb6
48. exd4 Nxf4 49. Bc4 1/2-1/2

[Event "TCh-FRA Top 12 2021"]
[Site "Chalons en Champagne FRA"]
[Date "2021.06.25"]
[Round "2.1"]
[Board "3"]
[White "Eden, James"]
[Black "Hamdouchi, Hicham"]
[Result "1-0"]
[WhiteTitle "IM"]
[BlackTitle "GM"]
[WhiteElo "2294"]
[BlackElo "2561"]
[WhiteTeam "US Villejuif Echecs"]
[BlackTeam "Clichy Echecs 92"]
[WhiteFideId "666491"]
[BlackFideId "9000011"]
[EventDate "2021.06.24"]

1. e4 c5 2. Nf3 g6 3. d4 cxd4 4. Nxd4 Nf6 5. Nc3 Nc6 6. Be3 Bg7 7. Nxc6 bxc6 8.
e5 Ng8 9. Bd4 Qa5 10. e6 Nf6 11. exd7+ Bxd7 12. Qd2 O-O 13. Ne4 Qc7 14. Nxf6+
exf6 15. O-O-O Be6 16. Qc3 Rfd8 17. g3 Bd5 18. Rg1 Rd6 19. Bc4 Rad8 20. Bc5 R6d7
21. Bxd5 Rxd5 22. Rxd5 Rxd5 23. Re1 h5 24. Re7 Qd8 25. Qe1 Re5 26. Rxe5 fxe5 27.
Bxa7 Qd5 28. Kb1 c5 29. a4 e4 30. a5 Qd4 31. c3 Qd3+ 32. Ka1 Bf8 33. Bb6 Bd6 34.
Qe3 Qd1+ 35. Ka2 Qa4+ 36. Kb1 Qc4 37. Qd2 Be7 38. Qc2 h4 39. b3 Qf1+ 40. Ka2 h3
41. Qb2 Bf8 42. Ka3 Qd3 43. c4 e3 44. fxe3 Bg7 45. Qc1 Qe2 46. a6 Qxh2 47. a7
Qg2 48. Qd1 Bb2+ 49. Ka4 Qc6+ 50. Ka5 Bc3+ 51. Ka6 Qc8+ 52. Kb5 Qe8+ 53. Kxc5
Qc8+ 54. Kd6 Qb7 55. c5 Bb4 56. Ke5 Qe7+ 57. Kd5 1-0

[Event "TCh-FRA Top 12 2021"]
[Site "Chalons en Champagne FRA"]
[Date "2021.06.25"]
[Round "2.1"]
[Board "4"]
[White "Tregubov, Pavel V."]
[Black "Dutreuil, Raphael"]
[Result "1-0"]
[WhiteTitle "GM"]
[BlackTitle "FM"]
[WhiteElo "2557"]
[BlackElo "2309"]
[WhiteTeam "Clichy Echecs 92"]
[BlackTeam "US Villejuif Echecs"]
[WhiteFideId "4115341"]
[BlackFideId "20630999"]
[EventDate "2021.06.24"]

1. d4 Nf6 2. c4 e6 3. Nc3 Bb4 4. e3 O-O 5. Bd3 c5 6. Ne2 b6 7. O-O Bb7 8. d5
Bxc3 9. Nxc3 d6 10. e4 e5 11. f4 exf4 12. Bxf4 Ne8 13. e5 dxe5 14. Bxe5 Nd7 15.
Bg3 g6 16. Qd2 f5 17. Rae1 Ndf6 18. Re2 Nh5 19. Be5 Nd6 20. Bxd6 Qxd6 21. Nb5
Qd7 22. Qg5 Rf7 23. Rfe1 Nf6 24. Re6 Re8 25. Bxf5 1-0

[Event "TCh-FRA Top 12 2021"]
[Site "Chalons en Champagne FRA"]
[Date "2021.06.25"]
[Round "2.1"]
[Board "5"]
[White "Maatoug, Redwan"]
[Black "Relange, Eloi"]
[Result "0-1"]
[BlackTitle "GM"]
[WhiteElo "2202"]
[BlackElo "2453"]
[WhiteTeam "US Villejuif Echecs"]
[BlackTeam "Clichy Echecs 92"]
[WhiteFideId "629162"]
[BlackFideId "600822"]
[EventDate "2021.06.24"]

1. e4 d6 2. Nf3 Nf6 3. Nc3 e5 4. g3 c6 5. Bg2 b5 6. d3 g6 7. O-O Bg7 8. Bg5 h6
9. Bd2 O-O 10. a3 a5 11. d4 Nbd7 12. dxe5 dxe5 13. h3 Qe7 14. Be3 Nc5 15. Qc1
Kh7 16. Nd2 Ba6 17. b4 Ne6 18. Qb2 Rfd8 19. Rfd1 Bb7 20. Bb6 Rdb8 21. Bxa5 Nd4
22. Nb3 Nd7 23. a4 h5 24. axb5 cxb5 25. Nd5 Bxd5 26. exd5 Ne2+ 27. Kf1 e4 28.
Qa3 Nc3 29. Nd4 Rc8 30. Nc6 Qd6 31. Qc1 Nxd1 32. Qxd1 Bxa1 33. Bxe4 Rxc6 34. Ke1 0-1

[Event "TCh-FRA Top 12 2021"]
[Site "Chalons en Champagne FRA"]
[Date "2021.06.25"]
[Round "2.1"]
[Board "6"]
[White "Libiszewski, Fabien"]
[Black "Cantin, Loic"]
[Result "1-0"]
[WhiteTitle "GM"]
[WhiteElo "2510"]
[BlackElo "2182"]
[WhiteTeam "Clichy Echecs 92"]
[BlackTeam "US Villejuif Echecs"]
[WhiteFideId "616834"]
[BlackFideId "679070"]
[EventDate "2021.06.24"]

1. e4 c5 2. d3 Nc6 3. g3 g6 4. Bg2 Bg7 5. f4 d6 6. Nf3 Nf6 7. O-O Qc7 8. Nc3 a6
9. h3 e6 10. g4 h5 11. g5 Nd7 12. Nh4 Nf8 13. f5 Bd4+ 14. Kh1 Be5 15. Ne2 gxf5
16. exf5 Bd7 17. c3 d5 18. d4 cxd4 19. cxd4 Bd6 20. fxe6 fxe6 21. g6 Rg8 22. Bg5
Nxg6 23. Nc3 Nxh4 24. Qxh5+ Ng6 25. Qh7 Nce7 26. Qf7+ Kd8 27. Qxg8+ 1-0

[Event "TCh-FRA Top 12 2021"]
[Site "Chalons en Champagne FRA"]
[Date "2021.06.25"]
[Round "2.1"]
[Board "7"]
[White "Caille, Hugo"]
[Black "Delorme, Axel"]
[Result "0-1"]
[BlackTitle "GM"]
[WhiteElo "2182"]
[BlackElo "2480"]
[WhiteTeam "US Villejuif Echecs"]
[BlackTeam "Clichy Echecs 92"]
[WhiteFideId "20681348"]
[BlackFideId "632023"]
[EventDate "2021.06.24"]

1. e4 e5 2. Nf3 Nc6 3. Bb5 a6 4. Ba4 Nf6 5. O-O Nxe4 6. Re1 Nc5 7. Bxc6 dxc6 8.
d4 Ne6 9. Nxe5 Be7 10. Be3 O-O 11. Nc3 f6 12. Nc4 Bb4 13. a3 Bxc3 14. bxc3 b6
15. Nb2 Bb7 16. c4 Qd7 17. c5 Rad8 18. Qd3 Qd5 19. Rad1 b5 20. c4 bxc4 21. Qxc4
g5 22. Qc3 Bc8 23. Rd2 f5 24. f3 f4 25. Bf2 Rf5 26. Red1 h5 27. Nd3 Ng7 28. Nb4
Qe6 29. Re1 Qg6 30. Re7 g4 31. Rxc7 Rf7 32. Qb3 Be6 33. Rxc6 Rf6 34. Qd3 gxf3
35. Qxf3 Nf5 36. d5 Ne3 37. h3 Bxd5 38. Rxf6 Qxf6 39. Rxd5 Qa1+ 40. Kh2 Nf1+ 41.
Kg1 Nd2+ 42. Kh2 Nxf3+ 43. gxf3 Rxd5 44. Nxd5 Qa2 45. Nf6+ Kf7 46. Ne4 Qxa3 47.
c6 Ke6 48. Bc5 Qa2+ 49. Kg1 a5 50. Bd6 Qb1+ 51. Kf2 Qxe4 0-1

[Event "TCh-FRA Top 12 2021"]
[Site "Chalons en Champagne FRA"]
[Date "2021.06.25"]
[Round "2.1"]
[Board "8"]
[White "Afraoui, Anaelle"]
[Black "Eid, Maha"]
[Result "1-0"]
[WhiteTitle "WFM"]
[WhiteElo "2085"]
[BlackElo "2023"]
[WhiteTeam "Clichy Echecs 92"]
[BlackTeam "US Villejuif Echecs"]
[WhiteFideId "20654383"]
[BlackFideId "699624"]
[EventDate "2021.06.24"]

1. e4 c5 2. Nf3 Nc6 3. d4 cxd4 4. Nxd4 g6 5. c4 Bg7 6. Be3 Nf6 7. Nc3 d6 8. Be2
O-O 9. O-O Bd7 10. Qd2 Nxd4 11. Bxd4 Bc6 12. f3 Nd7 13. Be3 a5 14. b3 Nc5 15.
Rab1 Re8 16. a3 a4 17. b4 Nb3 18. Qd3 e6 19. b5 Nc5 20. Bxc5 dxc5 21. bxc6 Qxd3
22. Bxd3 Bxc3 23. cxb7 Rab8 24. Rb6 Red8 25. Bc2 Rd4 26. Bxa4 Rxc4 27. Bc6 Bd4+
28. Kh1 Be5 29. g3 Rd4 30. a4 c4 31. Rb5 c3 32. Rxe5 c2 33. Rc5 Rd1 34. Kg2 1-0

[Event "TCh-FRA Top 12 2021"]
[Site "Chalons en Champagne FRA"]
[Date "2021.06.25"]
[Round "2.2"]
[Board "1"]
[White "Alonso Rosell, Alvar"]
[Black "Loiseau, Quentin"]
[Result "1/2-1/2"]
[WhiteTitle "GM"]
[BlackTitle "IM"]
[WhiteElo "2572"]
[BlackElo "2459"]
[WhiteTeam "Club 608 Paris"]
[BlackTeam "Grasse Echecs"]
[WhiteFideId "2270544"]
[BlackFideId "665274"]
[EventDate "2021.06.24"]

1. Nf3 d5 2. g3 g6 3. c4 c6 4. Qa4 e6 5. d4 Bg7 6. Bg2 Nd7 7. Qc2 Ne7 8. O-O O-O
9. Rd1 b6 10. b3 Bb7 11. Bb2 Rc8 12. Nbd2 Qc7 13. Rac1 Rfe8 14. Qb1 Qb8 15. Qa1
h6 16. Ne1 a5 17. Nd3 Qa8 18. a4 Red8 19. Nf4 Nf6 20. h4 Nf5 21. Bh3 Re8 22. Re1
Rcd8 23. Bg2 Qb8 24. Nd3 Ng4 25. Nf3 dxc4 26. bxc4 c5 27. dxc5 Bxb2 28. Qxb2
Nxg3 29. Nfe5 Nxe5 30. Nxe5 Bxg2 31. fxg3 Be4 32. Rf1 bxc5 33. Qxb8 Rxb8 34.
Rxf7 Rf8 35. Rxf8+ Rxf8 36. Nd7 Rf5 37. Rf1 Bc6 38. Rxf5 exf5 39. Nxc5 Kf7 40.
Kf2 Kf6 41. Nb3 Bxa4 42. Nxa5 Ke5 43. Nb7 Bb3 44. c5 Bd5 45. Nd6 Kd4 46. Nc8
Kxc5 47. Ne7 Bf7 48. h5 Kd6 49. Nc8+ Ke5 50. hxg6 Bxg6 51. Ke3 Be8 1/2-1/2

[Event "TCh-FRA Top 12 2021"]
[Site "Chalons en Champagne FRA"]
[Date "2021.06.25"]
[Round "2.2"]
[Board "2"]
[White "Milliet, Sophie"]
[Black "Iglesias, Joachim"]
[Result "1-0"]
[WhiteTitle "IM"]
[BlackTitle "FM"]
[WhiteElo "2407"]
[BlackElo "2259"]
[WhiteTeam "Grasse Echecs"]
[BlackTeam "Club 608 Paris"]
[WhiteFideId "623725"]
[BlackFideId "637823"]
[EventDate "2021.06.24"]

1. e4 c5 2. Nf3 d6 3. d4 cxd4 4. Nxd4 Nf6 5. Nc3 g6 6. Be3 Bg7 7. Be2 Nc6 8. Qd2
O-O 9. O-O-O Ng4 10. Bxg4 Bxg4 11. f3 Be6 12. Nxe6 fxe6 13. Bh6 Bxh6 14. Qxh6
Qa5 15. f4 Rac8 16. a3 b5 17. Qh3 b4 18. Qxe6+ Kh8 19. Nb1 Rc7 20. Rhf1 Qc5 21.
Qd5 Qe3+ 22. Qd2 Qxe4 23. axb4 Nxb4 24. Nc3 Qf5 25. Qd4+ 1-0

[Event "TCh-FRA Top 12 2021"]
[Site "Chalons en Champagne FRA"]
[Date "2021.06.25"]
[Round "2.2"]
[Board "3"]
[White "Solakian-Van Eyll, Jerome"]
[Black "Barbot, Pierre1"]
[Result "0-1"]
[WhiteTitle "CM"]
[BlackTitle "IM"]
[WhiteElo "2285"]
[BlackElo "2443"]
[WhiteTeam "Club 608 Paris"]
[BlackTeam "Grasse Echecs"]
[WhiteFideId "608050"]
[BlackFideId "663727"]
[EventDate "2021.06.24"]

1. d4 Nf6 2. Bf4 g6 3. Nc3 d5 4. e3 Bg7 5. h4 c6 6. Be2 Qb6 7. Rb1 h5 8. Nf3 O-O
9. Ne5 c5 10. O-O cxd4 11. exd4 Nc6 12. Nxc6 Qxc6 13. Re1 Be6 14. Be5 Rfd8 15.
Bb5 Qb6 16. Bd3 Ng4 17. Bxg7 Kxg7 18. Ne2 Bd7 19. f3 Nh6 20. Qd2 Bf5 21. Kh2
Rac8 22. c3 Bxd3 23. Qxd3 Nf5 24. g3 Re8 25. Nf4 Rcd8 26. Kg2 e6 27. Re2 Qd6 28.
Qd2 Kh7 29. Rh1 e5 30. dxe5 Rxe5 31. Rxe5 Qxe5 32. Re1 Qc7 33. Rc1 Qb8 34. Ne2
Qe5 35. Kf2 Qd6 36. Re1 Re8 37. Nf4 Qb6+ 38. Kg2 Rxe1 39. Qxe1 Qxb2+ 40. Kh3
Qxa2 41. Qe8 Nh6 42. Ne6 fxe6 43. Qe7+ Kg8 44. Qxe6+ Nf7 45. Qxg6+ Kf8 46. Qxh5
Qc4 47. g4 a5 48. g5 Qf1+ 49. Kg3 Qe1+ 50. Kg2 Qe2+ 51. Kh3 Kg7 52. Qg4 Ne5 0-1

[Event "TCh-FRA Top 12 2021"]
[Site "Chalons en Champagne FRA"]
[Date "2021.06.25"]
[Round "2.2"]
[Board "4"]
[White "Wirig, Anthony"]
[Black "Song, Julien"]
[Result "1-0"]
[WhiteTitle "GM"]
[BlackTitle "IM"]
[WhiteElo "2500"]
[BlackElo "2328"]
[WhiteTeam "Grasse Echecs"]
[BlackTeam "Club 608 Paris"]
[WhiteFideId "615013"]
[BlackFideId "659487"]
[EventDate "2021.06.24"]

1. b3 e5 2. Bb2 Nc6 3. e3 g6 4. Nf3 Bg7 5. d4 exd4 6. Nxd4 Nxd4 7. Bxd4 Nf6 8.
c4 d5 9. Nd2 O-O 10. Be2 Ne4 11. Bxg7 Kxg7 12. cxd5 Nc3 13. Qc2 Nxe2 14. Kxe2
Qxd5 15. Qc3+ f6 16. f3 Rf7 17. Rad1 a5 18. Kf2 Qb5 19. g4 Ra6 20. h4 Rc6 21.
Qb2 Qe5 22. Qxe5 fxe5 23. Kg3 Rc2 24. h5 b5 25. h6+ Kf8 26. Ne4 Ke8 27. Rd5 Bb7
28. Rxe5+ Kf8 29. Rd1 Re7 30. Rd8+ Kf7 31. Ng5+ Kf6 32. Rxe7 Kxe7 33. Rb8 Bc6
34. Nxh7 Rc1 35. Ng5 Rh1 36. h7 Be8 37. Nh3 1-0

[Event "TCh-FRA Top 12 2021"]
[Site "Chalons en Champagne FRA"]
[Date "2021.06.25"]
[Round "2.2"]
[Board "5"]
[White "Ramirez Garcia, Jorge Alberto"]
[Black "Riff, Vincent"]
[Result "1/2-1/2"]
[WhiteTitle "FM"]
[BlackTitle "FM"]
[WhiteElo "2305"]
[BlackElo "2405"]
[WhiteTeam "Club 608 Paris"]
[BlackTeam "Grasse Echecs"]
[WhiteFideId "5108101"]
[BlackFideId "617776"]
[EventDate "2021.06.24"]

1. e4 e5 2. Nf3 Nc6 3. d4 exd4 4. Nxd4 Nf6 5. Nxc6 bxc6 6. e5 Qe7 7. Qe2 Nd5 8.
c4 Nb6 9. Nc3 Qe6 10. Qe4 d5 11. exd6 Bxd6 12. Bd3 f5 13. Qxe6+ Bxe6 14. O-O Kf7
15. b3 Rad8 16. Rd1 Rd7 17. Bc2 a5 18. Ne2 Be5 19. Rb1 Rxd1+ 20. Bxd1 Rd8 21.
Bc2 Nd7 22. Be3 a4 23. Nd4 Bxd4 24. Bxd4 axb3 25. axb3 Nf6 26. Be3 Ra8 27. Bf4
Ra7 28. f3 h6 29. Be5 Nd7 30. Ra1 Rb7 31. Bd4 Nf8 32. Ra5 g6 33. Ra8 Bd7 34. Be3
Ne6 35. Ra5 h5 36. Kf1 f4 37. Bf2 Ng7 38. Ke2 Bf5 39. Kd2 Rb8 40. Ra7 Rd8+ 41.
Kc3 Rd7 42. Bxf5 Nxf5 43. Bb6 Nh4 44. Rxc7 Rxc7 45. Bxc7 Nxg2 46. Kd4 Ke6 47.
Ke4 g5 48. h3 Ne3 49. Bd8 Nd1 50. Bxg5 Nf2+ 51. Kd4 Nxh3 52. Bd8 Kf5 53. b4 Ng1
54. b5 Nxf3+ 55. Kd3 Ne5+ 56. Ke2 f3+ 57. Kf2 Ke4 58. b6 Nd7 59. b7 1/2-1/2

[Event "TCh-FRA Top 12 2021"]
[Site "Chalons en Champagne FRA"]
[Date "2021.06.25"]
[Round "2.2"]
[Board "6"]
[White "Debray, Christopher"]
[Black "Baillon, Olivier"]
[Result "0-1"]
[WhiteTitle "IM"]
[WhiteElo "2367"]
[BlackElo "2213"]
[WhiteTeam "Grasse Echecs"]
[BlackTeam "Club 608 Paris"]
[WhiteFideId "630810"]
[BlackFideId "616141"]
[EventDate "2021.06.24"]

1. e4 c5 2. Nf3 d6 3. Nc3 Nc6 4. d4 cxd4 5. Nxd4 Nf6 6. Be2 e5 7. Nf3 h6 8. O-O
Be7 9. Re1 O-O 10. h3 a6 11. Bf1 Be6 12. Nd5 b5 13. a4 Bxd5 14. exd5 Nb4 15.
axb5 axb5 16. Rxa8 Qxa8 17. Bxb5 Qxd5 18. Qxd5 Nbxd5 19. Bf1 Rc8 20. c3 Nb6 21.
g3 Nfd7 22. Be3 Ra8 23. Bb5 Ra2 24. b4 Ra8 25. Rd1 Rb8 26. Ra1 Nf6 27. Be2 Nfd5
28. Bd2 Rc8 29. Ra6 Nc4 30. Be1 g6 31. Kf1 f5 32. Bd1 Kg7 33. Bb3 Rc7 34. Ke2
Kf6 35. h4 g5 36. hxg5+ hxg5 37. Kf1 g4 38. Ng1 f4 39. gxf4 exf4 40. Ra8 f3 41.
Rg8 Kf5 42. Rg7 Kf4 43. Rf7+ Bf6 44. Bxc4 Rxc4 45. Ne2+ fxe2+ 46. Kxe2 Ke4 47.
Rd7 Be5 48. b5 Rc5 49. c4 Rxc4 50. Ba5 Rc2+ 51. Kd1 Kd3 52. b6 Bf6 0-1

[Event "TCh-FRA Top 12 2021"]
[Site "Chalons en Champagne FRA"]
[Date "2021.06.25"]
[Round "2.2"]
[Board "7"]
[White "Lemonnier, Remi"]
[Black "Travadon, Loic"]
[Result "0-1"]
[BlackTitle "IM"]
[WhiteElo "2125"]
[BlackElo "2415"]
[WhiteTeam "Club 608 Paris"]
[BlackTeam "Grasse Echecs"]
[WhiteFideId "648280"]
[BlackFideId "26092131"]
[EventDate "2021.06.24"]

1. e4 c5 2. Nf3 Nc6 3. d4 cxd4 4. Nxd4 g6 5. c4 Bg7 6. Be3 Nf6 7. Nc3 O-O 8. f3
b6 9. Be2 Bb7 10. O-O Qb8 11. Qd2 Rd8 12. Rad1 d6 13. Rfe1 Rd7 14. Bf1 Qf8 15.
b3 Rad8 16. Nc2 e6 17. Bg5 h6 18. Bh4 g5 19. Bf2 Ne5 20. h4 Nh7 21. Ne3 Bf6 22.
hxg5 hxg5 23. Bg3 Qg7 24. Nb5 Nf8 25. Nxa7 Bxe4 26. Nb5 Bxf3 27. Be2 Ba8 28. Bd3
Nfg6 29. Bb1 Nf4 30. Qc2 Nh5 31. Kf2 g4 32. Rh1 Nxg3 33. Kxg3 Ng6 34. Nxg4 Bh4+
35. Rxh4 Nxh4 36. Qh7+ Qxh7 37. Bxh7+ Kxh7 38. Kxh4 Kg6 39. Kg3 f5 40. Ne3 d5
41. Kf4 d4 42. Nc2 d3 43. Ne3 d2 44. Ke5 Rd3 45. Nc2 Bxg2 46. Nbd4 Bf3 47. Nxf3
Rxf3 48. Nb4 Re3+ 49. Kf4 Re4+ 50. Kf3 Re1 0-1